Estadísticas para Adivina estas leyendas de la NBA

Haz click aquí para intentar la prueba.

Estadísticas generales

  • Esta prueba ha sido intentada 136 veces
  • La puntuación promedio es 4 de 16

Estadísticas de respuestas

Respuesta% Correcto
José Calderón
94%
Monta Ellis
42%
Žydrūnas Ilgauskas
39%
Horace Grant
36%
Boris Diaw
32%
Mark Price
29%
Jason Richardson
28%
Alex English
25%
Ryan Anderson
21%
Antoine Walker
19%
Mark Aguirre
13%
Mehmet Okur
9%
Jerry Stackhouse
8%
Doug Christie
4%
P.J. Brown
4%
Rod Strickland
4%

Distribución de puntuación

Porcentaje por número respondido

Porcentaje de gente con cada puntuación

Historial de tus puntuaciones

No has intentado esta prueba.